00423nam a2200133Ia 4500008004100000041000800041082001600049100001700065245001100082260004500093300003000138999001500168952010600183240624s9999 xx 000 0 und d aeng a658.314 BYR aBYRNE RHONDA aSECRET c2006aNew YorkbBeyond Words Publication axv, : 198 : p. : cm. ; 24 c5419d5419 00104070aIMTNbIMTNcRack 27-Ad2007-06-29o658.314 BYRp5419r2024-06-24 00:00:00w2024-06-24yBK